000 00541nam a2200229Ia 4500
003 OSt
005 20220924144540.0
006 a|||||r|||| 00| 0
007 ta
008 220923b |||||||| |||| 00| 0 urd d
024 _a315505
037 _cTextual
040 _aARTS
_cARTS
_burd
041 _2urd
_aurd
082 _aO168,1NHA,11, K0
100 _aAdam
245 0 _aKham-e-Abru
260 _c1960
650 _aURDU POETRY
942 _hO168,1NHA,11, K0
_cTEXL
_2CC
999 _c457413
_d457413